Dokáže francúzska ľavica ponúknuť lepšiu budúcnosť, ako sľubuje extrémna pravica?

Francúzske voľby neprinášajú dramatickú dejinnú zmenu celej Európe, ani sa nekoná žiadna „Veľká francúzska revolúcia v opačnom smere“, ako to pre Postoj predpovedal frankofonista Ľubomír Jančok v rozhovore plnom bagatelizácie extrémnej pravice. Naopak, druhé víťazstvo ľavice v Európe v priebehu jedn...

Ausführliche Beschreibung

Gespeichert in:
Bibliographische Detailangaben
1. Verfasser: Augustín, Michael, 1991-
Format: Buchkapitel
Sprache:Slowakisch
Tags: Tag hinzufügen
Keine Tags, Fügen Sie das erste Tag hinzu!

MARC

LEADER 00000naa a2200000 4500
001 0307014
005 20250214084014.3
041 0 |a slo 
044 |a SK 
245 1 0 |a Dokáže francúzska ľavica ponúknuť lepšiu budúcnosť, ako sľubuje extrémna pravica?  |c Michael Augustín 
520 |a Francúzske voľby neprinášajú dramatickú dejinnú zmenu celej Európe, ani sa nekoná žiadna „Veľká francúzska revolúcia v opačnom smere“, ako to pre Postoj predpovedal frankofonista Ľubomír Jančok v rozhovore plnom bagatelizácie extrémnej pravice. Naopak, druhé víťazstvo ľavice v Európe v priebehu jedného týždňa naznačuje, že Francúzsko zostáva, aspoň nateraz, hrádzou zoči-voči rastúcim konzervatívnym a nacionalistickým silám vo vlastnom vnútri i na východ od svojich hraníc. 
100 1 |a Augustín, Michael, 1991-